15 principaux pays touchés par Covid-19 - 8 mai - Statistiques

Statistiques générales
  • Ce quiz a été pris 44 fois
  • Le résultat moyen est 14 sur 24
Statistiques - réponses
pays % Correct
France
100%
Chine
95%
Etats-Unis
93%
Italie
93%
Espagne
90%
Allemagne
85%
Royaume-Uni
85%
Brésil
80%
Russie
80%
Inde
78%
Canada
76%
Portugal
71%
Belgique
63%
Pays-Bas
56%
Suisse
56%
Suède
46%
Irlande
39%
Iran
37%
Turquie
32%
Pérou
20%
Qatar
10%
Singapour
10%
Biélorussie
7%
Bahreïn
0%
Aucun quiz correspondant
Distribution des résultats
% des personnes avec chaque résultat
Percentile par nombre de réponses
Votre historique - résultats
Vous n’avez pas pris ce quiz